home page   АИС "Историко-культурное наследие Беларуси"
  Базовый | Расширенный | Профессиональный | Словарь персоналий | Тематический словарь | По видам объектов История запросов  Заказы    Регистрация

Запись в MARC-формате

копировать MARC-запись

=LDR  00000nx\\c2200241\\\45\\
=001  BY-NLB-ar8190825
=005  20160330095643.2
=100  \\$a20141118abely50\\\\\\ca0
=152  \\$apsbo
=160  \\$ae-bw
=215  \\$aКасцёл Святога Апостала Андрэя (Нарач, аграгарадок; Мядзельскі раён)
=300  1\$aПомнік архітэктуры неаготыкі. Пабудаваны ў 1901 з цэглы.
=356  \\$aЗнаходзіцца ў цэнтры аграгарадка Нарач Мядзельскага раёна Мінскай вобласці.
=415  \\$aКасцёл Святога Андрэя Баболі (Нарач, аграгарадок; Мядзельскі раён)
=415  \\$aНарачанскі Андрэеўскі касцёл
=515  \\$5w$3BY-NLB-ar8190785$aКостел Святого Апостола Андрея (Нарочь, агрогородок; Мядельский район)
=801  \0$aBY$bBY-HM0000$c20141118
=810  \\$aБеларуская энцыклапедыя. У 18 т. Т. 11. — Мінск, 2000.
=810  \\$aРеспублика Беларусь : энциклопедия. [В 7 т.]. Т. 5. — Минск, 2007.
=810  \\$aКаталіцкія храмы Беларусі / А. М. Кулагін. — Мінск, 2008.
=810  \\$aКаталіцкія храмы на Беларусі : энцыклапедычны даведнік / А. М. Кулагін. — Мінск, 2000.
=999  \\$f2088 NLB-NDARD$t20141118
=999  \\$h40 NLB-NDARD$t20141120

Чтобы вернуться назад, щелкните кнопку BACK на Вашем браузере